000 01261nam a2200265Ia 4500
001 18393
003 GE_BSU
008 181216s||||||||xx |||||||||||||| ||und||
020 _a978-99940-50-79-6
040 _cGE_BSU
080 _a070(479.22)(09)
100 _aმაჭავარიანი, მაია
245 _aჟურნალისტიკის ისტორია
245 _bსახელმძღვ. ჟურნალისტიკისა და მასკომუნიკაციების ფაკ-ტის სტუდ.
245 _cრედ. რუსუდან დაუშვილი ; წინასიტყვ. მაია ქავთარაშვილი
260 _aთბილისი
260 _bსაქ. უნ-ტის გამ-ბა
260 _c2009
300 _a639გვ. ; 27სმ.
300 _eქრონოლოგია: გვ.508-549. - ლექსიკონი: გვ. 550-604. - პირ. საძ.: გვ. 605-629. - ბიბლიოგრ.: გვ. 630-638.
541 _h28ლ.
653 _aმედია, ჟურნალისტიკა
653 _aჟურნალისტიკის ისტორია
942 _cBK
999 _c51408
_d51408